Smriti sandarbha (v.3)/ (Record no. 42386)

000 -LEADER
fixed length control field 00393nam a22001691a 4500
020 ## - INTERNATIONAL STANDARD BOOK NUMBER
ISBN 9788170811701
082 ## - DEWEY DECIMAL CLASSIFICATION NUMBER
Classification number S 294.592 6
Item number MAR/S
100 ## - MAIN ENTRY--AUTHOR NAME
Personal name Markandaiya
245 ## - TITLE STATEMENT
Title Smriti sandarbha (v.3)/
Statement of responsibility, etc by Markandaiya
260 ## - PUBLICATION, DISTRIBUTION, ETC. (IMPRINT)
Place of publication Delhi:
Name of publisher Nag,
Year of publication 1988.
300 ## - PHYSICAL DESCRIPTION
Number of Pages 1235-1878p.
650 ## - SUBJECT ADDED ENTRY--TOPICAL TERM
Topical Term Dharmashastra
650 ## - SUBJECT ADDED ENTRY--TOPICAL TERM
Topical Term Hinduism
650 ## - SUBJECT ADDED ENTRY--TOPICAL TERM
Topical Term Religion
700 ## - ADDED ENTRY--PERSONAL NAME
Personal name Laugakshi
942 ## - ADDED ENTRY ELEMENTS (KOHA)
Koha item type Book
Holdings
Withdrawn status Lost status Damaged status Not for loan Permanent Location Current Location Date acquired Cost, normal purchase price Full call number Accession Number Cost, replacement price Price effective from Koha item type
        Sree Sankaracharya University of Sanskrit Sree Sankaracharya University of Sanskrit 08.01.2015 358.00 S 294.592 6 MAR/S 049395 0.00 08.01.2015 Book
        Sree Sankaracharya University of Sanskrit Sree Sankaracharya University of Sanskrit 08.01.2015 358.00 S 294.592 6 MAR/S 008854 0.00 08.01.2015 Book
        Sree Sankaracharya University of Sanskrit Sree Sankaracharya University of Sanskrit 08.01.2015 358.00 S 294.592 6 MAR/S 008855 0.00 08.01.2015 Book